000 00390pab a2200145 454500
008 180718b1998 xxu||||| |||| 00| 0 eng d
100 _aSarma, R.H.
245 _aLooking beyond the present - banking education in the next millennium
260 _c1998
300 _ap.171-74
362 _aOct-Dec
650 _aBanks
773 _aJournal of Indian Institute of Bankers
909 _a40332
999 _c40332
_d40332